Final Fantasy IX - Statistics

General Stats
  • This quiz has been taken 813 times
    812 since last reset
  • The average score is 26 of 42
Answer Stats
Hint Answer % Correct
Who is the protagonist? Zidane Tribal
98%
Who is the main villain? Kuja
92%
Who is the captain of the Knights of Pluto? Adelbert Steiner
90%
Who is the princess? Garnet Til Alexandros XVII
90%
In what kingdom are female soldiers the norm? Alexandria
85%
What alias does ^ go by? Dagger
85%
What gentle soul is actually a prototype weapon? Vivi Ornitier
85%
What exceptional chef calls frogs his/her favorite delicacy? Quina Quen
84%
What dragon knight is estranged from her home? Freya Crescent
83%
What general has unrivaled swordplay? Beatrix
81%
Who is regent of ^? Cid Fabool IX
81%
What mysterious substance covers the entire continent? Mist
80%
What young girl has a moogle for a best friend? Eiko Carol
73%
What platform was Final Fantasy IX originally released on? Sony Playstation
72%
Frog
70%
What year was Final Fantasy IX released? 2000
68%
What is the name of the planet on which the main characters reside? Gaia
67%
What bounty hunter has a grudge against the protagonist? Amarant Coral
66%
Who gets turned to stone in the Evil Forest? Blank
66%
What kingdom has the mightiest airship fleet? Lindblum
65%
What planet is the protagonist from? Terra
65%
Who is the ruler of ^? Queen Brahne Raza Alexandros XVI
64%
What city experiences eternal night? Treno
62%
What kingdom experiences yearlong rainfall? Burmecia
60%
What race of beings is living in a magically hidden town deep within a forest? Black Mages
59%
Who was left in charge of ^ while the residents sleep? Garland
58%
What group of thieves mascarades as a theater troupe? Tantalus
56%
What mysterious sturcture spews a monster generating substance? Iifa tree
54%
Who composed the music for Final Fantasy IX? Nobuo Uematsu
53%
What two creatures is ^ transformed into over the course of the game? Oglop
53%
What set of twins create the Black Waltzes? Zorn
52%
Thorn
50%
What kingdom is situated atop a giant tree? Cleyra
48%
Who is the physical embodiment of death? Necron
46%
What play is being performed? I Want To Be Your Canary
43%
What abstract belongings of the main characters are used to construct the final castle? Memories
41%
What amnesiac is ^ in love with? Sir Fratley
37%
What is the name of the card game? Tetra Master
36%
What is the villain's most powerful attack? Ultima
36%
What song is sung during the end credits? Melodies of Life
31%
What is the source of all life? The Crystal
30%
What place neutralizes all magic? Oeilvert
23%
No matching quizzes found
Score Distribution
Percent of People with Each Score
Percentile by Number Answered
Your Score History
You have not taken this quiz since the last reset